000
00314nam a2200133Ia 4500
005
20251222155059.0
008
251222s9999||||xx |||||||||||||| ||spa||
082
_a
LEN. 10
100
_a
BOTERO, Silvio.
245
0
_a
Dinámicas Grupales de Reflexión
250
_a
7ma. ed.
264
_b
Paulinas
942
_c
LIB
999
_c
37577
_d
37577